| 000 | 00943nam a22003257a 4500 | ||
|---|---|---|---|
| 003 | CHAP | ||
| 005 | 20220817041749.0 | ||
| 008 | 971013s1977 r 10010 d | ||
| 010 | _a23741 | ||
| 011 | _a24713 | ||
| 035 | _a28812 | ||
| 040 | _cCHAP | ||
| 090 | _aFolleto 5625y | ||
| 111 | 0 | 0 |
_aComisión Forestal Europea. Reunión ( _n18 _c: Roma _d: 1977). _925727 |
| 245 | 1 | _aInforme | |
| 260 |
_aRoma : _bFAO, _c1977 |
||
| 300 | _apág. varía | ||
| 490 | _aFO:EFC 77/Rep. | ||
| 590 |
_aBATCH-UPD _b10 _c20130110 _lUCH01 _h1945 |
||
| 590 |
_aBATCH-UPD _b10 _c20130410 _lUCH01 _h1307 |
||
| 590 |
_aBATCH-UPD _b10 _c20130914 _lUCH01 _h0709 |
||
| 590 |
_aCONVERSION _b10 _c20130109 _lUCH01 _h1314 |
||
| 650 | 1 | 4 |
_aBosques _xEuropa. _914172 |
| 650 | 1 | 4 |
_aPolítica forestal _xEuropa. _990578 |
| 710 | 0 | _aFAO. | |
| 830 | 0 |
_aFO:EFC 77/Rep. _941910 |
|
| 901 | _aBK | ||
| 942 | _cFOLL | ||
| 949 |
_aFolleto 5625y _bBC _cFOLL _d-66396 _eTS1 _i28812 _mD _si |
||
| 999 |
_c23741 _d23741 |
||